Normal view MARC view

Entry Personal Name

Number of records used in: 1

001 - CONTROL NUMBER

  • control field: 27906

003 - CONTROL NUMBER IDENTIFIER

  • control field: dpl

005 - DATE AND TIME OF LATEST TRANSACTION

  • control field: 20110509164351.0

008 - FIXED-LENGTH DATA ELEMENTS

  • fixed length control field: 110509|||a|||||| | ||| d

040 ## - CATALOGING SOURCE

  • Original cataloging agency: dpl
  • Transcribing agency: dpl

100 ## - HEADING--PERSONAL NAME

  • Personal name: कालिया, रवीन्द्र

670 ## - SOURCE DATA FOUND

  • Source citation: Work cat.: (dpl): वाज़दा ख़ान 27904, जिस तरह घुलती है काया /, 2010

670 ## - SOURCE DATA FOUND

  • Source citation: Work cat.: (dpl): वाज़दा ख़ान 27904, जिस तरह घुलती है काया /, 2010

© Delhi Public Library
Hit Counter
free hit counter